<?xml version="1.0" encoding="UTF-8"?>
<record
    xmlns:xsi="http://www.w3.org/2001/XMLSchema-instance"
    xsi:schemaLocation="http://www.loc.gov/MARC21/slim http://www.loc.gov/standards/marcxml/schema/MARC21slim.xsd"
    xmlns="http://www.loc.gov/MARC21/slim">

  <leader>01960nam a22001697a 4500</leader>
  <controlfield tag="005">20220222154558.0</controlfield>
  <controlfield tag="008">220222b           ||||| |||| 00| 0 eng d</controlfield>
  <datafield tag="020" ind1=" " ind2=" ">
    <subfield code="a">9780143116844</subfield>
  </datafield>
  <datafield tag="050" ind1=" " ind2=" ">
    <subfield code="a">UG450.S45</subfield>
  </datafield>
  <datafield tag="100" ind1=" " ind2=" ">
    <subfield code="9">Singer, P. W.</subfield>
  </datafield>
  <datafield tag="245" ind1=" " ind2=" ">
    <subfield code="a">Wired for war : the robotics revolution and conflict in the 21st century /</subfield>
    <subfield code="c">P. W. Singer.</subfield>
  </datafield>
  <datafield tag="260" ind1=" " ind2=" ">
    <subfield code="a">New York :</subfield>
    <subfield code="b">Penguin Books,</subfield>
    <subfield code="c">2009.</subfield>
  </datafield>
  <datafield tag="300" ind1=" " ind2=" ">
    <subfield code="a">499 pages :</subfield>
    <subfield code="b">ill. ;</subfield>
    <subfield code="c">23 cm.</subfield>
  </datafield>
  <datafield tag="500" ind1=" " ind2=" ">
    <subfield code="a">Includes notes and index.</subfield>
  </datafield>
  <datafield tag="505" ind1=" " ind2=" ">
    <subfield code="a">Contents : Part 1 : The change we are creating : Introduction : scenes from a robot war -- Smart bombs, Norma Jeane, and defecating ducks : a short history of robotics -- Robotics for dummies -- To infinity and beyond : the power of exponential trends -- Coming soon to a battlefield near you : the next wave of warbots -- Always in the loop?  the arming and autonomy of robots -- Robotic gods : our machine creators -- What inspires them : science fiction's impact on science reality -- The refuseniks : the roboticists who just say no -- Part 2 : What change is creating for us : The big Cebrowski and the real RMA : thinking about revolutionary technologies -- "Advanced" warfare : how we might fight with robots -- Robots that don't like apple pi : how the U.S. could lose the unmanned revolution -- Open-source warfare : college kids, terrorists, and other new users of robots at war -- Losers and Luddites : the changing battlefields robots will fight on and the new electronic sparks of war -- The psychology of warbots -- YouTube war : the public and its unmanned wars -- Changing the experience of war and the warrior -- Command and control ... alt-delete : new technologies and their effect on leadership -- Who let you in the war?  technology and the new demographics of conflict -- Digitizing the laws of war and other issues of (un)human rights -- A robot revolt? : talking about robot ethics -- Conclusion : The duality of robots and humans.</subfield>
  </datafield>
  <datafield tag="942" ind1=" " ind2=" ">
    <subfield code="2">lcc</subfield>
    <subfield code="c">BK</subfield>
  </datafield>
  <datafield tag="999" ind1=" " ind2=" ">
    <subfield code="c">8767</subfield>
    <subfield code="d">16267</subfield>
  </datafield>
  <datafield tag="952" ind1=" " ind2=" ">
    <subfield code="0">0</subfield>
    <subfield code="1">0</subfield>
    <subfield code="2">lcc</subfield>
    <subfield code="4">0</subfield>
    <subfield code="7">0</subfield>
    <subfield code="a">WIUC-1</subfield>
    <subfield code="b">WIUC-1</subfield>
    <subfield code="c">REF</subfield>
    <subfield code="d">2022-02-22</subfield>
    <subfield code="l">0</subfield>
    <subfield code="o">UG450.S45</subfield>
    <subfield code="p">9073/523/22</subfield>
    <subfield code="r">2022-02-22 00:00:00</subfield>
    <subfield code="t">1</subfield>
    <subfield code="w">2022-02-22</subfield>
    <subfield code="y">BK</subfield>
  </datafield>
</record>
